Podnikateľská dôvera za 10 miliónov
Problémy firmy Kohak so zaplatením za dodávku stavebných prác. Problémy s generálnym dodávateľom stavby. Nedostatky v organizácii práce. Bezdôvodné zadržanie peňazí. Možnosti vyrovnania pohľadávok belgického konzorcia TEI BESIX voči firme Kohak a ďalším slovenským dodávateľom.
Salvato in:
| Autore principale: | |
|---|---|
| Natura: | Capitolo di libro |
| Lingua: | slovacco |
| Soggetti: | |
| Tags: |
Nessun Tag, puoi essere il primo ad aggiungerne!!
|
MARC
| LEADER | 00000naa a2200000 4500 | ||
|---|---|---|---|
| 001 | r026567 | ||
| 005 | 20230824090252.4 | ||
| 041 | 0 | |a slo | |
| 044 | |a SK | ||
| 245 | 1 | 0 | |a Podnikateľská dôvera za 10 miliónov |c P. Višváder |
| 520 | |a Problémy firmy Kohak so zaplatením za dodávku stavebných prác. Problémy s generálnym dodávateľom stavby. Nedostatky v organizácii práce. Bezdôvodné zadržanie peňazí. Možnosti vyrovnania pohľadávok belgického konzorcia TEI BESIX voči firme Kohak a ďalším slovenským dodávateľom. | ||
| 610 | 2 | 0 | |a Slovensko |
| 610 | 2 | 0 | |a Belgicko |
| 610 | 2 | 0 | |a 1997 |
| 610 | 2 | 0 | |a podnikatelia |
| 610 | 2 | 0 | |a Kohak, s.r.o. Bratislava |
| 610 | 2 | 0 | |a TEI-BESIX |
| 610 | 2 | 0 | |a stavebníctvo |
| 610 | 2 | 0 | |a pohľadávky |
| 610 | 2 | 0 | |a práca stavebná |
| 100 | 1 | |a Višváder, P. | |